[Event "Bremen Silvester op-B"]
[Site "Bremen"]
[Date "2024.12.28"]
[Round "3"]
[White "Jablonski, Ture"]
[Black "Hattenhauer, Klaus"]
[Result "1/2-1/2"]
[WhiteElo "1718"]
[BlackElo "1848"]
[PlyCount "62"]
[EventDate "2024.12.27"]
[EventType "swiss"]
[EventRounds "7"]
[EventCountry "GER"]
[SourceTitle "CB02_2025"]
[SourceDate "2025.01.08"]
[SourceVersion "1"]
[SourceVersionDate "2025.01.08"]
[SourceQuality "1"]

1. d4 d5 2. Nf3 Nf6 3. Bf4 e6 4. e3 c5 5. Be2 Bd6 6. Bxd6 Qxd6 7. dxc5 Qxc5 8. c4 0-0 9. 0-0 Nc6 10. Nbd2 b6 11. Nb3 Qe7 12. cxd5 Nxd5 13. Rc1 Bb7 14. Nfd4 Ne5 15. Nd2 Rfc8 16. N4f3 Ng6 17. Qb3 h6 18. Ne4 Ndf4 19. exf4 Bxe4 20. Qe3 Qb7 21. a3 Bd5 22. g3 Rxc1 23. Rxc1 Rc8 24. Rxc8+ Qxc8 25. Nd4 Qd7 26. Bf3 Bxf3 27. Nxf3 Qd1+ 28. Kg2 Qc2 29. Qd2 Qc6 30. Qd8+ Kh7 31. Qd3 Kg8 1/2-1/2

[Event "Kiel op 36th"]
[Site "Kiel"]
[Date "2024.08.02"]
[Round "9"]
[White "Basener, Winfried"]
[Black "Jablonski, Ture"]
[Result "1/2-1/2"]
[WhiteElo "1960"]
[BlackElo "1542"]
[PlyCount "88"]
[EventDate "2024.07.27"]
[EventType "swiss"]
[EventRounds "9"]
[EventCountry "GER"]
[SourceTitle "EXT 2025"]
[Source "ChessBase"]
[SourceDate "2024.10.14"]
[SourceVersion "1"]
[SourceVersionDate "2024.10.14"]
[SourceQuality "1"]

1. e4 e5 2. Nf3 Nf6 3. d4 Nxe4 4. Bd3 d5 5. Nxe5 Nd7 6. Nxd7 Bxd7 7. Nd2 Nxd2 8. Bxd2 Bd6 9. Qh5 Qe7+ 10. Kf1 Be6 11. Re1 Kd7 12. c4 g6 13. Qf3 c6 14. c5 Bc7 15. h4 h5 16. Bg5 Qf8 17. Bf6 Bg4 18. Qe3 Re8 19. Qd2 Rxe1+ 20. Qxe1 Rg8 21. f3 Be6 22. g3 Qb8 23. Kg2 Re8 24. Qf2 Bd8 25. Be5 Bc7 26. Re1 Bxe5 27. Rxe5 b6 28. cxb6 Qxb6 29. Re2 Kd6 30. b3 c5 31. dxc5+ Qxc5 32. Rc2 Qxf2+ 33. Kxf2 d4 34. Be4 Bd5 35. Bd3 Bxf3 36. Rc4 Kd5 37. Rc7 Bg4 38. Rxa7 Re3 39. Bc4+ Kc5 40. a3 Rf3+ 41. Ke1 Be6 42. Bxe6 fxe6 43. Ra5+ Kd6 44. Rg5 Rxb3 1/2-1/2

[Event "GER-ch U14"]
[Site "Willingen"]
[Date "2024.05.25"]
[Round "9"]
[White "Jablonski, Ture"]
[Black "Thuemler, Floris"]
[Result "1/2-1/2"]
[WhiteElo "1582"]
[BlackElo "1938"]
[PlyCount "70"]
[EventDate "2024.05.19"]
[EventType "swiss"]
[EventRounds "9"]
[EventCountry "GER"]
[SourceTitle "CBM 220 Extra"]
[Source "ChessBase"]
[SourceDate "2024.07.31"]
[SourceVersion "1"]
[SourceVersionDate "2024.07.31"]
[SourceQuality "1"]

1. d4 d5 2. c4 e6 3. cxd5 exd5 4. Nc3 c6 5. Bf4 Nf6 6. Qc2 Bd6 7. Bxd6 Qxd6 8. e3 Bg4 9. f3 Bh5 10. Bd3 0-0 11. Nge2 Re8 12. e4 dxe4 13. fxe4 Bxe2 14. Nxe2 Qb4+ 15. Qc3 Qxc3+ 16. Nxc3 Nbd7 17. 0-0 c5 18. Nb5 Re7 19. e5 Nd5 20. Be4 Ne3 21. Rf3 cxd4 22. Nxd4 Ng4 23. Bxb7 Rae8 24. e6 Nde5 25. exf7+ Nxf7 26. Bd5 Nge5 27. Re3 g6 28. Nf3 Kg7 29. Nxe5 Nxe5 30. h3 Rd8 31. Bb3 Kf6 32. Rf1+ Kg7 33. Rfe1 Kf6 34. Rf1+ Kg7 35. Rfe1 Rd2 1/2-1/2

[Event "GER-ch U14"]
[Site "Willingen"]
[Date "2024.05.22"]
[Round "6"]
[White "Jablonski, Ture"]
[Black "Kaplan, Arne"]
[Result "0-1"]
[WhiteElo "1582"]
[BlackElo "1753"]
[PlyCount "74"]
[EventDate "2024.05.19"]
[EventType "swiss"]
[EventRounds "9"]
[EventCountry "GER"]
[SourceTitle "CBM 220 Extra"]
[Source "ChessBase"]
[SourceDate "2024.07.31"]
[SourceVersion "1"]
[SourceVersionDate "2024.07.31"]
[SourceQuality "1"]

1. d4 Nf6 2. c4 e6 3. g3 Bb4+ 4. Bd2 Be7 5. Bg2 d5 6. Nf3 0-0 7. Nc3 c6 8. 0-0 Nbd7 9. cxd5 exd5 10. Bf4 Re8 11. Rc1 Nf8 12. Ne5 Ng6 13. Nxg6 hxg6 14. Na4 Ne4 15. Bxe4 dxe4 16. Nc5 Bh3 17. Nxb7 Qb6 18. Qb3 Bxf1 19. Kxf1 Qxb3 20. axb3 g5 21. Bd6 Bxd6 22. Nxd6 Re6 23. Rxc6 Rd8 24. Nb7 Rxc6 25. Nxd8 Rd6 26. Nb7 Rxd4 27. Ke1 Rd5 28. b4 Rb5 29. Na5 Rxb4 30. b3 a6 31. Kd2 Rb5 32. Nc4 Rxb3 33. Nd6 a5 34. Nxe4 a4 35. Kc2 Rb4 36. Nd2 a3 37. Nb3 a2 0-1

[Event "GER-chT U12"]
[Site "Munich"]
[Date "2022.12.27"]
[Round "1"]
[White "Wettstein, Levin"]
[Black "Jablonski, Ture"]
[Result "1-0"]
[WhiteElo "1193"]
[BlackElo "1038"]
[PlyCount "60"]
[EventDate "2022.12.26"]
[EventType "team-swiss"]
[EventRounds "7"]
[EventCountry "GER"]
[SourceTitle "CBM 212 Extra"]
[Source "ChessBase"]
[SourceDate "2023.03.31"]
[SourceVersion "1"]
[SourceVersionDate "2023.03.31"]
[SourceQuality "1"]
[WhiteTeam "Untergrombach"]
[BlackTeam "Werder Bremen"]
[WhiteTeamCountry "GER"]
[BlackTeamCountry "GER"]

1. e4 c5 2. Nc3 Nc6 3. Nf3 d6 4. d4 cxd4 5. Nxd4 g6 6. Bb5 Bd7 7. 0-0 Bg7 8. Be3 Nf6 9. Qd2 0-0 10. h3 a6 11. Nxc6 Bxc6 12. Bxc6 bxc6 13. Rab1 Rb8 14. Rfd1 Rb7 15. e5 Ne8 16. exd6 Nxd6 17. b3 Rd7 18. Ne4 Qc7 19. Nxd6 Rxd6 20. Qe2 Rfd8 21. Rxd6 Rxd6 22. Qxa6 c5 23. Qe2 Qa5 24. a4 Qc3 25. Rd1 Re6 26. Rd3 Qa1+ 27. Rd1 Qc3 28. Rd8+ Bf8 29. Bh6 Qg7 30. Bxg7 Kxg7 1-0